Billy Ray Cyrus Filmography - Statistics

General Stats
  • This quiz has been taken 13 times
    5 since last reset
  • The average score is 4 of 60
Answer Stats
Type Year Name % Correct
TV Show 2006-2011 Hannah Montana
100%
Film 2009 Hannah Montana: The Movie
100%
TV Show 2011, 2012 90210
25%
TV Show 2017 Cyrus vs. Cyrus: Design and Conquer
25%
TV Show 2007 Dancing with the Stars
25%
Documentary 2017 Demi Lovato: Simply Complicated
25%
Film 2001 Mulholland Drive
25%
TV Show 2008 Phineas and Ferb
25%
TV Show 2000 18 Wheels of Justice
0%
Award Show 2008 2008 CMT Music Awards
0%
Film 2020 American Reject
0%
Theater 2005 Annie Get Your Gun
0%
TV Show 2010 Are We There Yet?
0%
Film 2008 Bait Shop
0%
TV Special 1994 Billy Ray Cyrus: A Year on the Road
0%
TV Documentary 1993 Billy Ray Cyrus: Dreams Come True
0%
TV Show 2007 Billy Ray Cyrus: Home At Last
0%
TV Special 2011 Billy Ray Cyrus: I'm American
0%
TV Special 1992 Billy Ray Cyrus Live
0%
TV Show 2017 Blaze and the Monster Machines
0%
Award Show 2019 Canadian Country Music Association Awards 2019
0%
Web Series 2017 Carpool Karaoke: The Series
0%
Theater 2012 Chicago
0%
TV Film 2011 Christmas Comes Home to Canaan
0%
TV Film 2009 Christmas in Canaan
0%
Film 2022 Christmas in Paradise
0%
Film 2004 Death and Texas
0%
TV Show 2003 Degrassi: The Next Generation
0%
TV Show 1997 Diagnosis: Murder
0%
TV Special 2008 DirecTV Concert Series: Billy Ray Cyrus
0%
TV Show 2001-2004 Doc
0%
TV Special 2024 Dolly Parton's Pet Gala
0%
Commercial 2020 Doritos
0%
Film 2004 Elvis Has Left the Building
0%
Commercial 2018 FastLife
0%
Film 2009 Flying By
0%
TV Show 2011 Full Throttle Saloon
0%
Film 2023 Glisten and the Merry Merry Mission
0%
Concert Film 2008 Hannah Montana and Miley Cyrus: Best of Both Worlds Concert
0%
TV Documentary 2008 Hillbilly: The Real Story
0%
Film 2014 Like a Country Song
0%
TV Show 1999 Love Boat: The Next Wave
0%
Film 2009 Luke and Lucy: The Texas Rangers
0%
TV Show 2008 Nashville Star
0%
TV Show 2014 Newsreaders
0%
TV Special 2006 New Year Sing-A-Long Bowl-A-Thon!
0%
Video 1992 NFL Country
0%
Film 2000 Radical Jack
0%
TV Film 2014 Sharknado 2: The Second One
0%
TV Show 2016-2017 Still the King
0%
TV Show 2002 Sue Thomas: F.B.Eye
0%
TV Show 2011 Surprise Homecoming
0%
Documentary Series 2014 The Haunting of...
0%
TV Show 1995 The Nanny
0%
TV Mini-Series 2012 The Road to 'Chicago' with Billy Ray Cyrus
0%
Film 2010 The Spy Next Door
0%
TV Show 1992 Top of the Pops
0%
Film 2007 Wish Gone Amiss
0%
Film 2002 Wish You Were Dead
0%
Film 2009 Wizards on Deck with Hannah Montana
0%
No matching quizzes found
Score Distribution
Percent of People with Each Score
Percentile by Number Answered
Your Score History
You have not taken this quiz since the last reset